| 000 | 00893nam a22002777a 4500 | ||
|---|---|---|---|
| 001 | 7068 | ||
| 003 | FISKH | ||
| 005 | 20250619155039.0 | ||
| 008 | 250619b cb ||||| |||| 00| 0 eng d | ||
| 020 | _a9780380709168 | ||
| 040 |
_aFISKH _beng _cFISKH _dFISKH |
||
| 050 | _aPZ7.C5792 R | ||
| 082 | _a813.54 | ||
| 100 |
_aCleary, Beverly _d(1916–2021) |
||
| 245 |
_aRamona and her father / _cBeverly Cleary ; Illustrated by Alan Tiegreen |
||
| 250 | _aThis edition first published in 1989 | ||
| 260 |
_aNew York : _bAn avon, _c1975 |
||
| 300 |
_a186 pages : _billustrations ; _c20 cm |
||
| 505 | _aW | ||
| 520 | _aThe family routine is upset during Ramona's year in second grade when her father unexpectedly loses his job. | ||
| 650 |
_2Family _aNewbery Honor |
||
| 650 |
_2Realistic fiction _aHumor |
||
| 700 |
_aTiegreen, Alan _dillustrator |
||
| 942 |
_2ddc _cBK _n0 |
||
| 999 |
_c7068 _d7068 |
||